<?xml version="1.0" encoding="UTF-8"?>
<record
    xmlns:xsi="http://www.w3.org/2001/XMLSchema-instance"
    xsi:schemaLocation="http://www.loc.gov/MARC21/slim http://www.loc.gov/standards/marcxml/schema/MARC21slim.xsd"
    xmlns="http://www.loc.gov/MARC21/slim">

  <leader>01168nam a22002417a 4500</leader>
  <datafield tag="999" ind1=" " ind2=" ">
    <subfield code="c">81401</subfield>
    <subfield code="d">318678</subfield>
  </datafield>
  <controlfield tag="003">OSt</controlfield>
  <controlfield tag="005">20220810145104.0</controlfield>
  <controlfield tag="008">220810b2015    jo ||||g |||| 00| 0 ara d</controlfield>
  <datafield tag="020" ind1=" " ind2=" ">
    <subfield code="a">9789957566505</subfield>
  </datafield>
  <datafield tag="040" ind1=" " ind2=" ">
    <subfield code="a">Ma-Un</subfield>
    <subfield code="c">Ma-Un</subfield>
  </datafield>
  <datafield tag="082" ind1=" " ind2=" ">
    <subfield code="2">21 </subfield>
    <subfield code="a">210.2 </subfield>
    <subfield code="b">&#x628; &#x639; &#x645; </subfield>
  </datafield>
  <datafield tag="100" ind1=" " ind2=" ">
    <subfield code="a">&#x627;&#x644;&#x628;&#x644;&#x642;&#x64A;&#x646;&#x64A;&#x60C; &#x639;&#x645;&#x631; &#x628;&#x646; &#x631;&#x633;&#x644;&#x627;&#x646; &#x628;&#x646; &#x646;&#x635;&#x64A;&#x631;.</subfield>
    <subfield code="9">96908</subfield>
  </datafield>
  <datafield tag="245" ind1=" " ind2=" ">
    <subfield code="a">&#x645;&#x62C;&#x645;&#x648;&#x639;&#x629; &#x627;&#x644;&#x631;&#x633;&#x627;&#x626;&#x644; &#x627;&#x644;&#x628;&#x644;&#x642;&#x64A;&#x646;&#x64A;&#x629; /</subfield>
    <subfield code="c">&#x644;&#x634;&#x64A;&#x62E; &#x627;&#x644;&#x625;&#x633;&#x644;&#x627;&#x645; &#x633;&#x631;&#x627;&#x62C; &#x627;&#x644;&#x62F;&#x64A;&#x646; &#x639;&#x645;&#x631; &#x628;&#x646; &#x631;&#x633;&#x644;&#x627;&#x646; &#x627;&#x644;&#x628;&#x644;&#x642;&#x64A;&#x646;&#x64A; &#x648;&#x648;&#x644;&#x62F;&#x64A;&#x647; &#x62C;&#x644;&#x627;&#x644; &#x627;&#x644;&#x62F;&#x64A;&#x646; &#x639;&#x628;&#x62F; &#x627;&#x644;&#x631;&#x62D;&#x645;&#x646; &#x648;&#x639;&#x644;&#x645; &#x627;&#x644;&#x62F;&#x64A;&#x646; &#x635;&#x627;&#x644;&#x62D; &#x61B; &#x627;&#x639;&#x62A;&#x646;&#x649; &#x628;&#x62A;&#x62D;&#x642;&#x64A;&#x642;&#x647;&#x627; &#x62B;&#x644;&#x629; &#x645;&#x646; &#x627;&#x644;&#x645;&#x62D;&#x642;&#x642;&#x64A;&#x646;.</subfield>
  </datafield>
  <datafield tag="250" ind1=" " ind2=" ">
    <subfield code="a">&#x637;. 1.</subfield>
  </datafield>
  <datafield tag="260" ind1=" " ind2=" ">
    <subfield code="a">&#x639;&#x645;&#x627;&#x646;&#x60C; &#x627;&#x644;&#x623;&#x631;&#x62F;&#x646; : </subfield>
    <subfield code="b">&#x623;&#x631;&#x648;&#x642;&#x629; &#x644;&#x644;&#x62F;&#x631;&#x627;&#x633;&#x627;&#x62A; &#x648;&#x627;&#x644;&#x646;&#x634;&#x631;&#x60C; </subfield>
    <subfield code="c">2015</subfield>
    <subfield code="m">1436</subfield>
  </datafield>
  <datafield tag="300" ind1=" " ind2=" ">
    <subfield code="a">2 &#x645;&#x62C;. &#x61B; </subfield>
    <subfield code="c">24 &#x633;&#x645;. </subfield>
  </datafield>
  <datafield tag="490" ind1=" " ind2=" ">
    <subfield code="a">&#x627;&#x644;&#x645;&#x643;&#x62A;&#x628;&#x629; &#x627;&#x644;&#x64A;&#x642;&#x64A;&#x646;&#x64A;&#x629;.</subfield>
    <subfield code="v">(7-14)-(15-27). </subfield>
  </datafield>
  <datafield tag="504" ind1=" " ind2=" ">
    <subfield code="a">&#x64A;&#x634;&#x62A;&#x645;&#x644; &#x639;&#x644;&#x649; &#x642;&#x627;&#x626;&#x645;&#x629; &#x628;&#x628;&#x644;&#x64A;&#x648;&#x62C;&#x631;&#x627;&#x641;&#x64A;&#x629;.</subfield>
  </datafield>
  <datafield tag="600" ind1=" " ind2=" ">
    <subfield code="a">&#x627;&#x628;&#x646; &#x627;&#x644;&#x628;&#x644;&#x642;&#x64A;&#x646;&#x64A;&#x60C; &#x639;&#x628;&#x62F; &#x627;&#x644;&#x631;&#x62D;&#x645;&#x646; &#x628;&#x646; &#x639;&#x645;&#x631; &#x628;&#x646; &#x631;&#x633;&#x644;&#x627;&#x646;.</subfield>
    <subfield code="d"> 763-824 &#x647;&#x640;.</subfield>
    <subfield code="9">96922</subfield>
  </datafield>
  <datafield tag="650" ind1=" " ind2=" ">
    <subfield code="a">&#x627;&#x644;&#x625;&#x633;&#x644;&#x627;&#x645;.</subfield>
    <subfield code="x">&#x645;&#x62A;&#x641;&#x631;&#x642;&#x627;&#x62A;.</subfield>
    <subfield code="9">12400</subfield>
  </datafield>
  <datafield tag="942" ind1=" " ind2=" ">
    <subfield code="2">ddc</subfield>
    <subfield code="c">BOOK</subfield>
  </datafield>
  <datafield tag="243" ind1=" " ind2=" ">
    <subfield code="a">&#x627;&#x644;&#x645;&#x643;&#x62A;&#x628;&#x629; &#x627;&#x644;&#x64A;&#x642;&#x64A;&#x646;&#x64A;&#x629;.</subfield>
  </datafield>
  <datafield tag="952" ind1=" " ind2=" ">
    <subfield code="1">0</subfield>
    <subfield code="2">2022-08-10</subfield>
    <subfield code="4">0</subfield>
    <subfield code="7">1</subfield>
    <subfield code="U">2022-08-10</subfield>
    <subfield code="a">210.2  &#x628; &#x639; &#x645;</subfield>
    <subfield code="c">&#x645;&#x62C;.9</subfield>
    <subfield code="d">2022-08-10</subfield>
    <subfield code="h">CL</subfield>
    <subfield code="i">00184644</subfield>
    <subfield code="m">CL</subfield>
    <subfield code="r">2022-08-10 00:00:00</subfield>
    <subfield code="t">BOOK</subfield>
    <subfield code="w">ddc</subfield>
    <subfield code="y">0</subfield>
  </datafield>
  <datafield tag="952" ind1=" " ind2=" ">
    <subfield code="1">0</subfield>
    <subfield code="2">2022-08-10</subfield>
    <subfield code="4">0</subfield>
    <subfield code="7">0</subfield>
    <subfield code="U">2022-08-10</subfield>
    <subfield code="a">210.2  &#x628; &#x639; &#x645;</subfield>
    <subfield code="c">&#x645;&#x62C;.9</subfield>
    <subfield code="d">2022-08-10</subfield>
    <subfield code="h">CL</subfield>
    <subfield code="i">00184645</subfield>
    <subfield code="m">CL</subfield>
    <subfield code="r">2022-08-10 00:00:00</subfield>
    <subfield code="t">BOOK</subfield>
    <subfield code="w">ddc</subfield>
    <subfield code="y">0</subfield>
  </datafield>
  <datafield tag="952" ind1=" " ind2=" ">
    <subfield code="1">0</subfield>
    <subfield code="2">2022-08-10</subfield>
    <subfield code="4">0</subfield>
    <subfield code="7">0</subfield>
    <subfield code="U">2022-08-10</subfield>
    <subfield code="a">210.2  &#x628; &#x639; &#x645;</subfield>
    <subfield code="c">&#x645;&#x62C;.9</subfield>
    <subfield code="d">2022-08-10</subfield>
    <subfield code="h">CL</subfield>
    <subfield code="i">00184646</subfield>
    <subfield code="m">CL</subfield>
    <subfield code="r">2022-08-10 00:00:00</subfield>
    <subfield code="t">BOOK</subfield>
    <subfield code="w">ddc</subfield>
    <subfield code="y">0</subfield>
  </datafield>
  <datafield tag="952" ind1=" " ind2=" ">
    <subfield code="1">0</subfield>
    <subfield code="2">2022-08-10</subfield>
    <subfield code="4">0</subfield>
    <subfield code="7">1</subfield>
    <subfield code="U">2022-08-10</subfield>
    <subfield code="a">210.2  &#x628; &#x639; &#x645;</subfield>
    <subfield code="c"> &#x645;&#x62C;.10</subfield>
    <subfield code="d">2022-08-10</subfield>
    <subfield code="h">CL</subfield>
    <subfield code="i">00184647</subfield>
    <subfield code="m">CL</subfield>
    <subfield code="r">2022-08-10 00:00:00</subfield>
    <subfield code="t">BOOK</subfield>
    <subfield code="w">ddc</subfield>
    <subfield code="y">0</subfield>
  </datafield>
  <datafield tag="952" ind1=" " ind2=" ">
    <subfield code="1">0</subfield>
    <subfield code="2">2022-08-10</subfield>
    <subfield code="4">0</subfield>
    <subfield code="7">0</subfield>
    <subfield code="U">2022-08-10</subfield>
    <subfield code="a">210.2  &#x628; &#x639; &#x645;</subfield>
    <subfield code="c"> &#x645;&#x62C;.10</subfield>
    <subfield code="d">2022-08-10</subfield>
    <subfield code="h">CL</subfield>
    <subfield code="i">00184648</subfield>
    <subfield code="m">CL</subfield>
    <subfield code="r">2022-08-10 00:00:00</subfield>
    <subfield code="t">BOOK</subfield>
    <subfield code="w">ddc</subfield>
    <subfield code="y">0</subfield>
  </datafield>
  <datafield tag="952" ind1=" " ind2=" ">
    <subfield code="1">0</subfield>
    <subfield code="2">2022-08-10</subfield>
    <subfield code="4">0</subfield>
    <subfield code="7">0</subfield>
    <subfield code="U">2022-08-10</subfield>
    <subfield code="a">210.2  &#x628; &#x639; &#x645;</subfield>
    <subfield code="c"> &#x645;&#x62C;.10</subfield>
    <subfield code="d">2022-08-10</subfield>
    <subfield code="h">CL</subfield>
    <subfield code="i">00184649</subfield>
    <subfield code="m">CL</subfield>
    <subfield code="r">2022-08-10 00:00:00</subfield>
    <subfield code="t">BOOK</subfield>
    <subfield code="w">ddc</subfield>
    <subfield code="y">0</subfield>
  </datafield>
  <datafield tag="952" ind1=" " ind2=" ">
    <subfield code="1">0</subfield>
    <subfield code="2">2022-08-10</subfield>
    <subfield code="4">0</subfield>
    <subfield code="7">1</subfield>
    <subfield code="U">2022-08-10</subfield>
    <subfield code="a">210.2  &#x628; &#x639; &#x645;</subfield>
    <subfield code="c">&#x645;&#x62C;.9</subfield>
    <subfield code="d">2022-08-10</subfield>
    <subfield code="h">SZM</subfield>
    <subfield code="i">00184650</subfield>
    <subfield code="m">SZM</subfield>
    <subfield code="r">2022-08-10 00:00:00</subfield>
    <subfield code="t">BOOK</subfield>
    <subfield code="w">ddc</subfield>
    <subfield code="y">0</subfield>
  </datafield>
  <datafield tag="952" ind1=" " ind2=" ">
    <subfield code="1">0</subfield>
    <subfield code="2">2022-08-10</subfield>
    <subfield code="4">0</subfield>
    <subfield code="7">0</subfield>
    <subfield code="U">2022-08-10</subfield>
    <subfield code="a">210.2  &#x628; &#x639; &#x645;</subfield>
    <subfield code="c">&#x645;&#x62C;.9</subfield>
    <subfield code="d">2022-08-10</subfield>
    <subfield code="h">SZM</subfield>
    <subfield code="i">00184651</subfield>
    <subfield code="m">SZM</subfield>
    <subfield code="r">2022-08-10 00:00:00</subfield>
    <subfield code="t">BOOK</subfield>
    <subfield code="w">ddc</subfield>
    <subfield code="y">0</subfield>
  </datafield>
  <datafield tag="952" ind1=" " ind2=" ">
    <subfield code="1">0</subfield>
    <subfield code="2">2022-08-10</subfield>
    <subfield code="4">0</subfield>
    <subfield code="7">1</subfield>
    <subfield code="U">2022-08-10</subfield>
    <subfield code="a">210.2  &#x628; &#x639; &#x645;</subfield>
    <subfield code="c">&#x645;&#x62C;.10</subfield>
    <subfield code="d">2022-08-10</subfield>
    <subfield code="h">SZM</subfield>
    <subfield code="i">00184652</subfield>
    <subfield code="m">SZM</subfield>
    <subfield code="r">2022-08-10 00:00:00</subfield>
    <subfield code="t">BOOK</subfield>
    <subfield code="w">ddc</subfield>
    <subfield code="y">0</subfield>
  </datafield>
  <datafield tag="952" ind1=" " ind2=" ">
    <subfield code="1">0</subfield>
    <subfield code="2">2022-08-10</subfield>
    <subfield code="4">0</subfield>
    <subfield code="7">0</subfield>
    <subfield code="U">2022-08-10</subfield>
    <subfield code="a">210.2  &#x628; &#x639; &#x645;</subfield>
    <subfield code="c">&#x645;&#x62C;.10</subfield>
    <subfield code="d">2022-08-10</subfield>
    <subfield code="h">SZM</subfield>
    <subfield code="i">00184653</subfield>
    <subfield code="m">SZM</subfield>
    <subfield code="r">2022-08-10 00:00:00</subfield>
    <subfield code="t">BOOK</subfield>
    <subfield code="w">ddc</subfield>
    <subfield code="y">0</subfield>
  </datafield>
</record>
